Movies Quiz

Random Movies or Actress Quiz

Four Emmas Movies Quiz Stats

 Plays Quiz Updated Jul 22, 2015

Challenge
Share
Tweet
Score 0/22 Timer 06:00
0 Plays Today
% Correct
Harry Potter and the Prisoner of Azkaban
99.2%
Brave
93%
Easy A
84.4%
The Help
81.8%
The Amazing Spider-Man 2
80.8%
Superbad
71.7%
Zombieland
71.1%
Nanny McPhee
66.9%
The Perks of Being a Wallflower
61.5%
We're the Millers
59.7%
Crazy, Stupid, Love.
52.9%
% Correct
Love Actually
52.2%
This Is the End
48%
Sense and Sensibility
45.8%
Birdman
43.6%
The Bling Ring
38.6%
Noah
37.8%
Hotel for Dogs
33.8%
Nancy Drew
29.9%
The Remains of the Day
22.3%
The Tale of Despereaux
16.4%
Valentine's Day
12.7%

You're not logged in!

Compare scores with friends on all Sporcle quizzes.
Join for Free
OR
Log In

You Might Also Like...

Show Comments

Extras

Top Quizzes Today


Score Distribution

Your Account Isn't Verified!

In order to create a playlist on Sporcle, you need to verify the email address you used during registration. Go to your Sporcle Settings to finish the process.

Report this User

Report this user for behavior that violates our Community Guidelines.

Details: